000
00272pab a2200109 454500
008
180718b xxu||||| |||| 00| 0 eng d
100
_a
Pasanski, Milan
245
_a
The globalization of terrorism
650
_a
Terrorism
773
_a
Review of International Affairs
909
_a
468
999
_c
468
_d
468